[Event "SWVG Arnold Classic Prestige All 2019"]
[Site "Sandton"]
[Date "2019.05.19"]
[Round "10.6"]
[White "Oatlhotse, Providence"]
[Black "Van Der Walt, Pierre E."]
[Result "1-0"]
[WhiteElo "2289"]
[BlackElo "1993"]
[Annotator "TA"]
[PlyCount "143"]
[EventDate "2019.05.18"]
[EventType "swiss"]
[EventCountry "RSA"]
[SourceTitle "playchess.com"]
[Source "ChessBase"]
[SourceQuality "1"]

{[%evp 21,143,14,22,20,27,29,41,19,20,46,60,30,39,31,48,-18,-18,-22,-21,-21,-29,-22,-29,-27,-23,-14,14,-21,-20,-25,-28,-18,-14,-28,-28,-27,-26,-30,-27,-29,-28,-80,-14,-58,-58,-66,-32,-22,0,-17,79,70,83,29,29,37,22,22,22,22,25,25,22,-10,115,85,283,222,222,83,66,22,290,290,723,720,667,636,522,8,8,8,91,8,36,25,659,0,2117,795,511,418,29977,29978,29981,29982,29982,29983,29982,29983,29983,29984,29984,29978,29978,29979,29979,29980,29979,29976,29976,29977,29976,8,8,0,29972,29973,29986,29987,29987,29988,29988,29989]} 1. e4 c6 2. d4 d5 3. exd5 cxd5 4. c4 Nf6 5. Nc3 g6 6. cxd5 Bg7 7. Qb3 O-O 8. Be2 Nbd7 9. Bf3 Nb6 10. Nge2 Bf5 11. O-O Bd3 {[#]} 12. d6 $1 {[%mdl 512] B14: Caro-Kann: Panov-Botvinnik Attack with 5...e6 and 5...g6} (12. Rd1 Bc4 13. Qc2 Nfxd5 14. Nf4 Rc8 15. Nd3 Nxc3 16. bxc3 Bd5 17. Bg4 e6 18. Nc5 Nd7 19. Ba3 Nxc5 20. Bxc5 {½-½ (38) Frolyanov,D (2610)-Lintchevski,D (2539) Olginka 2011}) 12... Qxd6 13. Bxb7 Rad8 14. Bf4 {White is slightly better.} Qd7 15. Bf3 Qf5 $146 ({Predecessor:} 15... Bc4 16. Qa3 Nfd5 17. Bg3 Rc8 18. Rfd1 Rfd8 19. Rac1 e6 {½-½ (42) Veleski,R (2232)-Bogdanovski,V (2426) Struga 2014}) 16. Be5 Nc4 17. Ng3 Qg5 18. Bxf6 (18. Rfe1 $14) 18... Qxf6 $11 19. Nd5 Rxd5 $1 ({Much worse is} 19... Qxd4 $6 20. Nxe7+ Kh8 21. Nc6 $16) 20. Bxd5 Bxf1 21. Nxf1 Nb6 22. Rd1 Rd8 23. Bc4 e6 24. Ne3 Rxd4 25. Bf1 Rxd1 26. Nxd1 Qd4 27. Nc3 Qd2 28. Nd1 Nd5 29. Qd3 Qc1 30. b3 Bf8 31. g3 (31. a4 $11) 31... a5 (31... Nb4 $17 32. Qd4 Bc5) 32. h4 Nb4 33. Qe2 Qa1 (33... Nxa2 $5 34. Qxa2 Qxd1 $17) 34. a4 Qb1 35. Qf3 e5 (35... Nc2 $11) 36. Bc4 $16 Qf5 37. Qxf5 (37. Qa8 $16) 37... gxf5 {[%mdl 4096] Endgame KBN-KBN} 38. Ne3 f4 39. gxf4 exf4 40. Nf5 Nc6 41. Kg2 Ne5 42. f3 Nxc4 (42... h5 $11 43. Bd5 Ng6) 43. bxc4 $11 {KB-KN} f6 $2 (43... h5 $16 {was necessary.} 44. Kf1 Kh7) 44. Kf1 Kf7 {Black wants to play ...Bc5.} 45. Nd4 (45. Ke2 $18) 45... Bc5 $16 46. Nb3 Bb6 $2 {[%mdl 8192]} (46... Bb4 $11 {and Black is okay.}) 47. Ke2 $1 $18 Kg6 $2 (47... Ke6 48. Kd3 Kd6) 48. c5 Bc7 49. Kd3 Kh5 {[#]} 50. Ke4 $2 (50. Nxa5 $1 $18 {[%mdl 512]} Bxa5 51. Kc4) 50... Kxh4 $11 51. Nd4 Be5 {[#]} (51... Kg3 $11) 52. Ne6 (52. Nf5+ $1 $16 Kh3 53. Nd6) 52... Kg3 53. Ng7 {Black must now prevent Nh5+.} Kf2 $2 {[%mdl 8192] [#]} (53... Bb8 $11) 54. c6 $2 (54. Nh5 $1 $18 {aiming for c6.} h6 55. c6) 54... h6 $2 {[%mdl 8192]} (54... Bb8 $11) 55. Nh5 (55. Ne8 $142 Bb8 56. Nxf6 (56. c7 Bxc7 57. Nxc7 Kg3 $18)) 55... Bc7 $18 56. Nxf6 Bd8 (56... Bb8 $18 57. Nh5 Kg2 58. Nxf4+ Kg3 59. Nh5+ Kh4) 57. Nh5 Ke2 58. Nxf4+ Kd2 59. Ne6 Bb6 60. c7 Bxc7 61. Nxc7 {KN-KPP} h5 62. Kf4 h4 63. Kg4 Ke3 64. Nd5+ Kd4 65. Kxh4 Kxd5 {KPP-KP} 66. Kg5 Ke6 67. Kg6 $2 (67. Kf4 {mates} Kf6 68. Ke4 Ke6 69. Kd4 Kf6 70. Kc4 Ke6 71. Kb5 Kd6 72. Kxa5) 67... Ke5 $11 68. Kg5 $2 {[%mdl 8192]} (68. Kf7 $11) 68... Ke6 69. f4 {White mates.} Ke7 70. Kg6 Ke6 71. f5+ Ke7 72. f6+ {Played: Kg6-g7} 1-0

[Event "SWVG Arnold Classic Prestige All 2019"]
[Site "Sandton"]
[Date "2019.05.19"]
[Round "10.7"]
[White "Bhawoodien, Shabir Hussain"]
[Black "Sithole, Collins"]
[Result "1-0"]
[WhiteElo "2020"]
[BlackElo "1861"]
[Annotator "NA RC"]
[PlyCount "135"]
[EventDate "2019.05.18"]
[EventType "swiss"]
[EventCountry "RSA"]
[SourceTitle "playchess.com"]
[Source "ChessBase"]
[SourceQuality "1"]
[TimeControl "1500+10"]

1. e4 {[%emt 0:00:00]} g6 {[%emt 0:00:20]} 2. d4 {[%emt 0:00:00]} Bg7 {[%emt 0:00:02]} 3. c4 {[%emt 0:00:00]} c5 {[%emt 0:00:07]} 4. d5 {[%emt 0:00:00]} d6 {[%emt 0:00:07]} 5. Nc3 {[%emt 0:00:02]} Nf6 {[%emt 0:00:16]} 6. Bg5 {[%emt 0:00:36]} h6 {[%emt 0:00:07]} 7. Be3 {[%emt 0:00:02] E70: King's Indian: Miscellaneous lines with 4 e4, including 5 Nge2 and 5 Bd3 0-0 6 Nge2} Nbd7 {[%emt 0:00:07]} (7... Ng4 8. Bd2 Bd4 9. Nh3 e5 10. dxe6 Bxe6 11. Be2 Qd7 12. O-O Ne5 13. Nf4 Bxc4 14. Nfd5 Bxd5 15. Nxd5 {0-1 (27) Tregubov,P (2585)-Banikas,H (2568) Doha 2016}) 8. f3 {[%emt 0:00:12]} Qa5 {[%emt 0:00:39]} 9. Nge2 $146 {[%emt 0:00:41]} ({Predecessor:} 9. Nh3 Nb6 10. Nf2 Bd7 11. Bd2 Na4 12. Nb5 Nxb2 13. Bxa5 Nxd1 14. Nxd1 Bxb5 15. cxb5 Nxe4 {1-0 (46) Torres,E (1939)-Perondi,M (1524) Florianopolis 2017}) 9... a6 {[%emt 0:00:11]} 10. Nc1 {[%emt 0:00:57]} Rb8 {[%emt 0:01:09]} 11. Nb3 {[%emt 0:00:19]} Qb4 {[%emt 0:00:17]} 12. a3 {[%emt 0:00:59]} Qb6 {[%emt 0:00:04]} 13. Be2 {[%emt 0:00:34]} Ne5 {[%emt 0:00:09]} 14. h3 {[%emt 0:00:43]} (14. f4 $16 Ned7 15. Rc1) 14... g5 {[%emt 0:00:11]} 15. Kf2 {[%emt 0:03:00]} Bd7 {[%emt 0:00:12]} 16. g3 {[%emt 0:00:19]} Ng6 {[%emt 0:00:35]} 17. Rb1 {[%emt 0:00:41]} Qd8 {[%emt 0:00:14]} 18. Nd2 {[%emt 0:02:16]} Nh5 {[%emt 0:00:18]} 19. Kg2 {[%emt 0:02:35]} b5 {[%emt 0:00:27]} 20. Qc2 {[%emt 0:00:28]} Rg8 {[%emt 0:01:13]} 21. Bf2 {[%emt 0:02:19]} Qc8 {[%emt 0:00:30]} 22. g4 {[%emt 0:03:42]} Nhf4+ {[%emt 0:01:11]} 23. Kf1 {[%emt 0:00:15]} b4 {[%emt 0:01:47]} 24. axb4 {[%emt 0:00:09]} cxb4 {[%emt 0:00:36]} 25. Nd1 {[%emt 0:00:22]} Nxe2 {[%emt 0:00:05]} 26. Kxe2 {[%emt 0:00:02]} Nf4+ {[%emt 0:00:04]} 27. Kf1 {[%emt 0:00:15]} a5 {[%emt 0:00:06]} 28. b3 {[%emt 0:00:08]} Qa6 {[%emt 0:00:09]} 29. Nb2 {[%emt 0:01:43]} e6 {[%emt 0:00:14]} 30. Nd3 {[%emt 0:00:23]} Ng6 {[%emt 0:01:15]} 31. Kg2 {[%emt 0:00:19]} Bc3 {[%emt 0:00:03]} 32. dxe6 {[%emt 0:01:54]} fxe6 {[%emt 0:00:03]} 33. Bg3 {[%emt 0:00:06]} Ke7 {[%emt 0:00:32] [#]} 34. Rhe1 $2 {[%emt 0:00:48]} (34. e5 $1 $16 {[%cal Re5d6]} d5 35. Nc5) 34... e5 {[%emt 0:00:37]} 35. Re2 {[%emt 0:00:29]} Rgf8 {[%emt 0:00:04]} 36. Nf1 {[%emt 0:00:04]} Nf4+ {[%emt 0:01:04]} 37. Nxf4 {[%emt 0:00:12]} gxf4 {[%emt 0:00:05]} 38. Be1 {[%emt 0:00:05]} Bd4 {[%emt 0:00:09]} 39. Bf2 {[%emt 0:00:28]} Bc3 {[%emt 0:00:04]} 40. Rd1 {[%emt 0:00:53]} h5 {[%emt 0:00:05]} 41. Qd3 {[%emt 0:00:13]} hxg4 {[%emt 0:00:20]} 42. Bh4+ {[%emt 0:00:10]} Ke8 {[%emt 0:00:22]} 43. hxg4 {[%emt 0:00:01]} Rb6 {[%emt 0:01:37]} 44. Nd2 {[%emt 0:00:47]} a4 {[%emt 0:00:06]} 45. Nb1 {[%emt 0:00:16]} Bd4 {[%emt 0:00:19]} 46. Bf2 {[%emt 0:00:02]} Bxf2 {[%emt 0:00:42]} 47. Rxf2 {[%emt 0:00:01]} a3 {[%emt 0:00:06]} 48. Qd2 {[%emt 0:00:38]} Be6 {[%emt 0:00:15]} 49. c5 {[%emt 0:00:35]} a2 {[%emt 0:00:52]} 50. cxb6 {[%emt 0:00:32]} a1=Q $18 {[%emt 0:04:14]} 51. Qxd6 {[%emt 0:00:01]} Qc8 {[%emt 0:01:38]} 52. b7 {[%emt 0:00:25]} Qxb7 {[%emt 0:00:29]} 53. Qxe6+ {[%emt 0:00:10]} Qe7 {[%emt 0:00:00]} 54. Qc6+ {[%emt 0:00:04]} Kf7 {[%emt 0:00:19]} 55. Rd7 {[%emt 0:00:01]} Qd4 {[%emt 0:01:40]} 56. Rxe7+ {[%emt 0:00:09]} Kxe7 {[%emt 0:00:01]} 57. Rd2 {[%emt 0:00:05]} Qa7 {[%emt 0:01:54]} 58. Qd6+ {[%emt 0:00:02]} Kf7 {[%emt 0:00:15]} 59. Qxe5 {[%emt 0:00:05]} Kg8 {[%emt 0:00:33]} 60. Qg5+ {[%emt 0:00:05]} Kh8 {[%emt 0:00:36]} 61. Kf1 {[%emt 0:00:31]} Qh7 {[%emt 0:01:02]} 62. Qh5 {[%emt 0:00:13]} Qxh5 {[%emt 0:00:12]} 63. gxh5 {[%emt 0:00:02]} Rc8 {[%emt 0:00:00]} 64. Ke2 {[%emt 0:00:19]} Rc1 {[%emt 0:00:01]} 65. Rb2 {[%emt 0:00:01]} Rh1 {[%emt 0:00:01]} 66. Nd2 {[%emt 0:00:03]} Rxh5 {[%emt 0:00:26]} 67. Rc2 {[%emt 0:00:01]} Rh2+ {[%emt 0:00:01]} 68. Kd3 {[%emt 0:00:01]} 1-0

[Event "SWVG Arnold Classic Prestige All 2019"]
[Site "Sandton"]
[Date "2019.05.19"]
[Round "10.8"]
[White "Steyn, Hans"]
[Black "Smit, Devon"]
[Result "1/2-1/2"]
[WhiteElo "1863"]
[BlackElo "1743"]
[Annotator "NA RC"]
[PlyCount "82"]
[EventDate "2019.05.18"]
[EventType "swiss"]
[EventCountry "RSA"]
[SourceTitle "playchess.com"]
[Source "ChessBase"]
[SourceQuality "1"]
[TimeControl "1500+10"]

1. c4 {[%emt 0:00:00]} Nf6 {[%emt 0:00:00]} 2. Nc3 {[%emt 0:00:08]} g6 {[%emt 0:00:06]} 3. g3 {[%emt 0:00:06]} Bg7 {[%emt 0:00:03]} 4. Bg2 {[%emt 0:00:03]} d6 {[%emt 0:00:03]} 5. e4 {[%emt 0:00:25]} Nbd7 {[%emt 0:00:12]} 6. Nge2 {[%emt 0:00:04]} O-O {[%emt 0:00:27]} 7. O-O {[%emt 0:00:03]} c5 {[%emt 0:00:24]} 8. d3 {[%emt 0:00:26]} Rb8 {[%emt 0:00:25]} 9. h3 {[%emt 0:00:20]} a6 {[%emt 0:00:16]} 10. a4 {[%emt 0:00:02]} Ne5 {[%emt 0:00:02]} 11. Be3 {[%emt 0:00:51]} Nc6 {[%emt 0:00:09]} 12. Qd2 {[%emt 0:00:03]} Nb4 {[%emt 0:00:19]} 13. Kh2 {[%emt 0:00:16]} Bd7 {[%emt 0:00:12]} 14. a5 {[%emt 0:00:37]} b5 {[%emt 0:00:21]} 15. axb6 {[%emt 0:00:21]} Qxb6 {[%emt 0:00:04]} 16. d4 {[%emt 0:01:34]} cxd4 {[%emt 0:00:34]} 17. Nxd4 {[%emt 0:00:06]} Qc7 {[%emt 0:00:16]} 18. Nd5 {[%emt 0:02:31]} Nbxd5 {[%emt 0:01:07]} 19. cxd5 {[%emt 0:00:04]} Bb5 {[%emt 0:00:18]} 20. Rfc1 {[%emt 0:00:10]} Qd7 {[%emt 0:00:05]} 21. Nc6 {[%emt 0:00:04]} Rbc8 {[%emt 0:00:12]} 22. Nd4 {[%emt 0:00:37]} Rb8 {[%emt 0:00:26]} 23. Nxb5 {[%emt 0:00:18]} Qxb5 {[%emt 0:00:18]} 24. Rc7 {[%emt 0:02:50]} Rfe8 {[%emt 0:01:08]} 25. Ra5 {[%emt 0:00:18]} Qxb2 {[%emt 0:00:14]} 26. Qxb2 {[%emt 0:00:02]} Rxb2 {[%emt 0:00:02]} 27. Rxa6 {[%emt 0:00:03]} Rb4 {[%emt 0:00:40]} 28. f3 {[%emt 0:01:37]} h5 {[%emt 0:00:33]} 29. Raa7 {[%emt 0:00:09]} Kf8 {[%emt 0:00:05]} 30. Bf4 {[%emt 0:00:08]} Rb6 {[%emt 0:00:12]} 31. h4 {[%emt 0:01:01]} Ng8 {[%emt 0:00:13]} 32. Kh3 {[%emt 0:00:36]} Bh6 {[%emt 0:00:03]} 33. Bf1 {[%emt 0:01:03]} Bxf4 {[%emt 0:00:07]} 34. gxf4 {[%emt 0:00:03]} Nf6 {[%emt 0:00:24]} 35. Kg3 {[%emt 0:00:10]} Rb3 {[%emt 0:00:14]} 36. Kf2 {[%emt 0:00:28]} Rb2+ {[%emt 0:00:05]} 37. Be2 {[%emt 0:00:50]} Ng8 {[%emt 0:00:15]} 38. e5 {[%emt 0:01:12]} Rb6 {[%emt 0:00:35]} 39. Ke3 {[%emt 0:00:19]} Reb8 {[%emt 0:00:07]} 40. Kd4 {[%emt 0:11:42]} Rb4+ {[%emt 0:20:24]} 41. Bc4 {[%emt 0:00:10]} R4b5 {[%emt 0:00:10]} 1/2-1/2

[Event "SWVG Arnold Classic Prestige All 2019"]
[Site "Sandton"]
[Date "2019.05.19"]
[Round "10.9"]
[White "Molepo, Maropeng Quintallio"]
[Black "Mwale, Joseph"]
[Result "1/2-1/2"]
[WhiteElo "1723"]
[BlackElo "2274"]
[Annotator "NA RC"]
[PlyCount "27"]
[EventDate "2019.05.18"]
[EventType "swiss"]
[EventCountry "RSA"]
[SourceTitle "playchess.com"]
[Source "ChessBase"]
[SourceQuality "1"]
[TimeControl "1500+10"]

1. e4 {[%emt 0:00:01]} e5 {[%emt 0:00:00]} 2. Nf3 {[%emt 0:00:50]} Nc6 {[%emt 0:00:00]} 3. Nc3 {[%emt 0:00:04]} Nf6 {[%emt 0:00:00]} 4. g3 {[%emt 0:00:02]} d5 {[%emt 0:00:00]} 5. exd5 {[%emt 0:00:06]} Nxd5 {[%emt 0:00:00]} 6. Bg2 {[%emt 0:00:02]} Nxc3 {[%emt 0:00:30]} 7. bxc3 {[%emt 0:00:03]} Bd6 {[%emt 0:00:05]} 8. O-O {[%emt 0:00:04]} O-O {[%emt 0:00:12]} 9. d4 {[%emt 0:01:07]} exd4 {[%emt 0:00:17]} 10. cxd4 {[%emt 0:00:02]} Bg4 {[%emt 0:00:01]} 11. c3 {[%emt 0:00:48]} Qd7 {[%emt 0:00:11]} 12. Re1 {[%emt 0:00:13]} Rae8 {[%emt 0:00:05]} 13. Be3 {[%emt 0:00:41]} f5 {[%emt 0:05:50]} 14. h3 {[%emt 0:06:37]} 1/2-1/2

[Event "SWVG Arnold Classic Prestige All 2019"]
[Site "Sandton"]
[Date "2019.05.19"]
[Round "10.10"]
[White "Tapera, Uzeni"]
[Black "Mthunzi, Brighton"]
[Result "0-1"]
[WhiteElo "1748"]
[BlackElo "2006"]
[Annotator "NA RC"]
[PlyCount "84"]
[EventDate "2019.05.18"]
[EventType "swiss"]
[EventCountry "RSA"]
[SourceTitle "playchess.com"]
[Source "ChessBase"]
[SourceQuality "1"]
[TimeControl "1500+10"]

1. e4 {[%emt 0:01:18]} c5 {[%emt 0:00:00]} 2. Nf3 {[%emt 0:00:01]} d6 {[%emt 0:00:00]} 3. d4 {[%emt 0:00:02]} cxd4 {[%emt 0:00:00]} 4. Nxd4 {[%emt 0:00:02]} Nf6 {[%emt 0:00:00]} 5. Nc3 {[%emt 0:24:27]} a6 6. Be2 {[%emt 0:00:00]} e5 {[%emt 0:00:00]} 7. Nb3 {[%emt 0:00:00]} Be7 {[%emt 0:00:00]} 8. Be3 {[%emt 0:00:00]} b5 {[%emt 0:00:07]} 9. a3 {[%emt 0:00:00]} Be6 {[%emt 0:00:09]} 10. O-O {[%emt 0:00:00]} Nbd7 {[%emt 0:00:05]} 11. f4 {[%emt 0:00:00]} exf4 {[%emt 0:00:03]} 12. Bxf4 {[%emt 0:00:00]} Ne5 {[%emt 0:00:01]} 13. Nd4 {[%emt 0:00:00]} Rc8 {[%emt 0:00:10]} 14. Nxe6 {[%emt 0:00:00]} fxe6 {[%emt 0:00:01]} 15. Kh1 {[%emt 0:00:00]} O-O {[%emt 0:00:03]} 16. Bxe5 {[%emt 0:00:00]} dxe5 {[%emt 0:00:00]} 17. Qe1 {[%emt 0:00:00]} Qb6 {[%emt 0:00:06]} 18. Qg3 {[%emt 0:00:00]} Qc7 {[%emt 0:00:54]} 19. Rad1 {[%emt 0:00:00]} Rcd8 {[%emt 0:00:09]} 20. Qh3 {[%emt 0:00:00]} Qc6 {[%emt 0:00:09]} 21. Bd3 {[%emt 0:00:00]} Bc5 {[%emt 0:02:51]} 22. Ne2 {[%emt 0:00:00]} Rde8 {[%emt 0:00:46]} 23. Ng3 {[%emt 0:00:00]} Bd4 {[%emt 0:04:06]} 24. c3 {[%emt 0:00:00]} Bb6 {[%emt 0:00:04]} 25. Bc2 {[%emt 0:00:00]} a5 {[%emt 0:00:45]} 26. Bb1 {[%emt 0:00:00]} Bc5 {[%emt 0:00:25]} 27. Qh4 {[%emt 0:00:00]} b4 {[%emt 0:00:20]} 28. cxb4 {[%emt 0:00:00]} axb4 {[%emt 0:00:01]} 29. axb4 {[%emt 0:00:00]} Bxb4 {[%emt 0:00:04]} 30. Qg5 {[%emt 0:00:00]} Bc5 {[%emt 0:01:11]} 31. Qxe5 {[%emt 0:00:00]} Ng4 {[%emt 0:00:02]} 32. Qc3 {[%emt 0:00:00]} Qb6 {[%emt 0:02:24]} 33. Nh5 {[%emt 0:00:00]} e5 {[%emt 0:00:07]} 34. Ba2+ {[%emt 0:00:00]} Kh8 {[%emt 0:00:01]} 35. Qg3 {[%emt 0:00:00]} Qg6 {[%emt 0:00:19]} 36. h3 {[%emt 0:00:00]} Nf2+ {[%emt 0:00:34]} 37. Rxf2 {[%emt 0:00:00]} Bxf2 {[%emt 0:00:06]} 38. Qg4 {[%emt 0:00:00]} Qxg4 {[%emt 0:00:13]} 39. hxg4 {[%emt 0:00:00]} g6 {[%emt 0:00:00]} 40. g3 {[%emt 0:00:00]} gxh5 {[%emt 0:00:02]} 41. Kg2 {[%emt 0:00:00]} hxg4 {[%emt 0:00:09]} 42. Bd5 {[%emt 0:00:00]} Bd4 {[%emt 0:00:03]} 0-1

[Event "SWVG Arnold Classic Prestige All 2019"]
[Site "Sandton"]
[Date "2019.05.19"]
[Round "10.12"]
[White "Kushar, Michael"]
[Black "Klevansky, Aron"]
[Result "0-1"]
[WhiteElo "1884"]
[BlackElo "1878"]
[Annotator "NA RC"]
[PlyCount "100"]
[EventDate "2019.05.18"]
[EventType "swiss"]
[EventCountry "RSA"]
[SourceTitle "playchess.com"]
[Source "ChessBase"]
[SourceQuality "1"]
[TimeControl "1500+10"]

1. e4 {[%emt 0:00:00]} d6 {[%emt 0:00:13]} 2. Bc4 {[%emt 0:00:02]} Nf6 {[%emt 0:00:26]} 3. Nc3 {[%emt 0:00:02]} c5 {[%emt 0:24:51]} 4. d3 {[%emt 0:25:36]} g6 {[%emt 0:00:10]} 5. Nge2 {[%emt 0:00:10]} Bg7 {[%emt 0:00:10]} 6. O-O {[%emt 0:00:10]} Nc6 {[%emt 0:00:10]} 7. a3 {[%emt 0:00:10]} O-O {[%emt 0:00:10]} 8. f4 {[%emt 0:00:10]} a6 {[%emt 0:00:10]} 9. Ba2 {[%emt 0:00:10]} b5 {[%emt 0:00:10]} 10. h3 {[%emt 0:00:10]} b4 {[%emt 0:00:10]} 11. axb4 {[%emt 0:00:10]} cxb4 {[%emt 0:00:10]} 12. Nd5 {[%emt 0:00:10]} Nxd5 {[%emt 0:00:10]} 13. Bxd5 {[%emt 0:00:10]} Qb6+ {[%emt 0:00:10]} 14. Kh1 {[%emt 0:00:10]} Bb7 {[%emt 0:00:10]} 15. Qe1 {[%emt 0:00:10]} Rac8 {[%emt 0:00:10]} 16. c3 {[%emt 0:00:10]} e6 {[%emt 0:00:10]} 17. Bxc6 {[%emt 0:00:10]} Bxc6 {[%emt 0:00:10]} 18. cxb4 {[%emt 0:00:10]} Bb5 {[%emt 0:00:10]} 19. Qg3 {[%emt 0:00:10]} Rc2 {[%emt 0:00:10]} 20. Nc3 {[%emt 0:00:10]} Qd4 {[%emt 0:00:10]} 21. Nxb5 {[%emt 0:00:10]} axb5 {[%emt 0:00:10]} 22. f5 {[%emt 0:00:10]} exf5 {[%emt 0:00:10]} 23. exf5 {[%emt 0:00:10]} Rfc8 {[%emt 0:00:10]} 24. fxg6 {[%emt 0:00:10]} hxg6 {[%emt 0:00:10]} 25. Be3 {[%emt 0:00:10]} Qxd3 {[%emt 0:00:10]} 26. Rad1 {[%emt 0:00:10]} Qe4 {[%emt 0:00:10]} 27. Rxd6 {[%emt 0:00:10]} Be5 {[%emt 0:00:10]} 28. Rxg6+ {[%emt 0:00:10]} fxg6 {[%emt 0:00:10]} 29. Qg5 {[%emt 0:00:10]} Re2 {[%emt 0:00:10]} 30. Bc5 {[%emt 0:00:10]} Re1 {[%emt 0:00:10]} 31. Rxe1 {[%emt 0:00:10]} Qxe1+ {[%emt 0:00:10]} 32. Bg1 {[%emt 0:00:10]} Qe4 {[%emt 0:00:10]} 33. h4 {[%emt 0:00:10]} Rf8 {[%emt 0:00:10]} 34. Qe7 {[%emt 0:00:10]} Qf5 {[%emt 0:00:10]} 35. Qc5 {[%emt 0:00:10]} Qh5 {[%emt 0:00:10]} 36. Qd5+ {[%emt 0:00:10]} Kg7 {[%emt 0:00:10]} 37. g3 {[%emt 0:00:10]} Qf3+ {[%emt 0:00:10]} 38. Qxf3 {[%emt 0:00:10]} Rxf3 {[%emt 0:00:10]} 39. Bh2 {[%emt 0:00:10]} Rb3 {[%emt 0:00:10]} 40. Kg2 {[%emt 0:00:10]} Rxb2+ {[%emt 0:00:10]} 41. Kh3 {[%emt 0:00:10]} Rxb4 {[%emt 0:00:10]} 42. Bg1 {[%emt 0:00:10]} Rb3 {[%emt 0:00:10]} 43. Bf2 {[%emt 0:00:10]} b4 {[%emt 0:00:10]} 44. Kg4 {[%emt 0:00:10]} Rb1 {[%emt 0:00:10]} 45. h5 {[%emt 0:00:10]} gxh5+ {[%emt 0:00:10]} 46. Kxh5 {[%emt 0:00:10]} b3 {[%emt 0:00:10]} 47. Kg5 b2 {[%emt 0:00:10]} 48. g4 {[%emt 0:00:20]} Rf1 {[%emt 0:00:10]} 49. Bg3 {[%emt 0:00:10]} Bf6+ {[%emt 0:00:10]} 50. Kh5 {[%emt 0:00:10]} Rh1+ {[%emt 0:00:10]} 0-1